[Event "POL-chT 1st League"]
[Site "Ustron"]
[Date "2020.09.08"]
[Round "4.5"]
[White "Szoen, Dariusz"]
[Black "Praczukowski, Stanislaw"]
[Result "1-0"]
[WhiteElo "2407"]
[BlackElo "2173"]
[PlyCount "71"]
[EventDate "2020.09.05"]
[EventType "team-tourn"]
[EventRounds "9"]
[EventCountry "POL"]
[SourceTitle "CBM 198 Extra"]
[Source "ChessBase"]
[SourceDate "2020.11.30"]
[SourceVersion "1"]
[SourceVersionDate "2020.11.30"]
[SourceQuality "1"]
[WhiteTeam "Dabrowa Gornicza Zaglebie"]
[BlackTeam "Chylice Laura"]
[WhiteTeamCountry "POL"]
[BlackTeamCountry "POL"]

1. e4 c5 2. Nc3 Nc6 3. Bb5 Nd4 4. Bc4 e6 5. Nge2 a6 6. a4 Nf6 7. 0-0 d5 8. exd5 exd5 9. Ba2 Bd6 10. d3 Ne6 11. Ng3 Be7 12. Nf5 d4 13. Nxe7 Qxe7 14. Nd5 Nxd5 15. Bxd5 Qf6 16. f4 g6 17. Qf3 0-0 18. f5 Qxf5 19. Qxf5 gxf5 20. Rxf5 Kg7 21. Bd2 f6 22. Rh5 Kg6 23. Rh6+ Kg7 24. Re1 Re8 25. Rf1 Rf8 26. Rh3 Rf7 27. Rg3+ Kh8 28. Re1 Re7 29. Bh6 Bd7 30. Rf3 Bc6 31. Bxc6 bxc6 32. Rxf6 Rae8 33. Rf5 Kg8 34. b3 Rf7 35. Rg5+ Kh8 36. Rxc5 1-0

[Event "POL-chT"]
[Site "Poland"]
[Date "2015.05.10"]
[Round "3.1"]
[White "Szoen, Dariusz"]
[Black "Musialkiewicz, Jan"]
[Result "1/2-1/2"]
[WhiteElo "2427"]
[BlackElo "2250"]
[PlyCount "53"]
[EventDate "2015.05.08"]
[EventType "team-tourn"]
[EventRounds "9"]
[EventCountry "POL"]
[SourceTitle "CBM 166 Extra"]
[Source "ChessBase"]
[SourceDate "2015.06.18"]
[SourceVersion "1"]
[SourceVersionDate "2015.06.18"]
[SourceQuality "1"]
[WhiteTeam "Dabrowa Gornicza Zaglebie"]
[BlackTeam "Chrobry Gniezno "]
[WhiteTeamCountry "POL"]
[BlackTeamCountry "POL"]

1. d4 d5 2. c4 c6 3. Nf3 Nf6 4. Nc3 e6 5. cxd5 exd5 6. Bg5 Be7 7. Qc2 g6 8. e3 Bf5 9. Bd3 Bxd3 10. Qxd3 Nbd7 11. 0-0 0-0 12. Rab1 Re8 13. Nd2 Ne4 14. Bxe7 Qxe7 15. Ncxe4 dxe4 16. Qc2 c5 17. dxc5 Nxc5 18. Rfd1 Rad8 19. Nb3 Nd3 20. Rd2 Rc8 21. Qd1 Red8 22. Nc1 Ne5 23. Ne2 Nd3 24. Nc1 Ne5 25. Ne2 Nd3 26. Nc1 Ne5 27. Ne2 1/2-1/2

[Event "POL-chT1"]
[Site "Szklarska Poreba"]
[Date "2013.09.13"]
[Round "7"]
[White "Czajkowski, Adam"]
[Black "Szoen, Dariusz"]
[Result "0-1"]
[WhiteElo "1943"]
[BlackElo "2426"]
[PlyCount "121"]
[EventDate "2013.09.07"]
[EventType "team-tourn"]
[EventRounds "9"]
[EventCountry "POL"]
[SourceTitle "EXT 2015"]
[Source "ChessBase"]
[SourceDate "2014.11.20"]
[SourceVersion "1"]
[SourceVersionDate "2014.11.20"]
[SourceQuality "1"]
[WhiteTeam "Pultusk Nadnarwianka"]
[BlackTeam "Warsaw Sharks"]
[WhiteTeamCountry "POL"]
[BlackTeamCountry "POL"]

1. e4 d5 2. exd5 Qxd5 3. Nc3 Qd6 4. d4 a6 5. g3 Nc6 6. Nge2 Bg4 7. Bg2 0-0-0 8. Be3 e5 9. d5 Nce7 10. h3 Bh5 11. Qd2 f5 12. 0-0-0 Nf6 13. f4 e4 14. g4 Bg6 15. gxf5 Nxf5 16. Nxe4 Qxd5 17. Nxf6 Qxd2+ 18. Bxd2 gxf6 19. Bc3 Be7 20. Be4 Rxd1+ 21. Rxd1 Ne3 22. Rd3 Nf5 23. Ng3 Nxg3 24. Bxg6 hxg6 25. Rxg3 Rh6 26. Bd2 Bd6 27. Kd1 Kd7 28. Rg2 Ke8 29. h4 Rxh4 30. Rxg6 Kf7 31. Rg2 Bxf4 32. Bxf4 Rxf4 33. Ke2 Rh4 34. Ke3 b5 35. c3 c6 36. a3 a5 37. Rd2 Ke6 38. Rd8 a4 39. Rc8 Kd5 40. Rf8 Rh3+ 41. Kd2 Rh2+ 42. Kd3 Rf2 43. Ra8 Rxb2 44. c4+ bxc4+ 45. Kc3 Rb3+ 46. Kc2 Rxa3 47. Ra5+ c5 48. Ra6 f5 49. Rf6 Rf3 50. Rf8 a3 51. Rd8+ Ke4 52. Re8+ Kf4 53. Rc8 Rf2+ 54. Kb1 a2+ 55. Ka1 Re2 56. Rxc5 Re4 57. Kxa2 Kg4 58. Kb2 f4 59. Rc8 f3 60. Rf8 Kg3 61. Kc3 0-1

[Event "POL-chT 2nd League"]
[Site "Lazy"]
[Date "2012.09.08"]
[Round "8"]
[White "Szoen, Dariusz"]
[Black "Polok, Kacper"]
[Result "1-0"]
[WhiteElo "2418"]
[BlackElo "2146"]
[PlyCount "103"]
[EventDate "2012.09.01"]
[EventType "team-swiss"]
[EventRounds "9"]
[EventCountry "POL"]
[SourceTitle "EXT 2019"]
[Source "ChessBase"]
[SourceDate "2018.10.10"]
[SourceVersion "1"]
[SourceVersionDate "2018.10.10"]
[SourceQuality "1"]
[WhiteTeam "Warszawa Sharks"]
[BlackTeam "Raciborz Silesia"]
[WhiteTeamCountry "POL"]
[BlackTeamCountry "POL"]

1. Nf3 d5 2. d4 e6 3. c4 f5 4. g3 Nf6 5. Bg2 c6 6. 0-0 Bd6 7. b3 Qe7 8. Bf4 Bxf4 9. gxf4 Nbd7 10. Ne5 0-0 11. e3 Ne4 12. f3 Nxe5 13. fxe5 Ng5 14. Nc3 b6 15. Rc1 f4 16. Qd3 Bd7 17. exf4 Rxf4 18. Ne2 Rh4 19. f4 Nf7 20. cxd5 cxd5 21. f5 exf5 22. Rc7 Rc8 23. Rfc1 Rxc7 24. Rxc7 Rg4 25. Qe3 f4 26. Nxf4 Qg5 27. Rxd7 Rxf4 28. Qc3 h5 29. e6 Ne5 30. dxe5 Rg4 31. Qc8+ Kh7 32. Qc2+ Kh6 33. Rf7 Re4 34. Rf1 Rxe5 35. Qc1 Rxe6 36. Qxg5+ Kxg5 37. Bxd5 Re5 38. Bg8 Kg4 39. Rf7 g5 40. Rxa7 Kh3 41. Bc4 g4 42. Ra6 Re1+ 43. Bf1+ Rxf1+ 44. Kxf1 Kxh2 45. Rxb6 g3 46. Rg6 h4 47. a4 Kh1 48. a5 h3 49. a6 g2+ 50. Ke2 h2 51. a7 g1Q 52. a8Q+ 1-0

[Event "POL-chT 66th"]
[Site "Katowice"]
[Date "2010.09.08"]
[Round "5"]
[White "Barski, Radoslaw"]
[Black "Szoen, Dariusz"]
[Result "0-1"]
[WhiteElo "2284"]
[BlackElo "2448"]
[PlyCount "104"]
[EventDate "2010.09.04"]
[EventType "team-tourn"]
[EventRounds "9"]
[EventCountry "POL"]
[SourceTitle "EXT 2016"]
[Source "ChessBase"]
[SourceDate "2015.10.08"]
[SourceVersion "1"]
[SourceVersionDate "2015.10.08"]
[SourceQuality "1"]
[WhiteTeam "Prokonex"]
[BlackTeam "Lublin"]
[WhiteTeamCountry "POL"]
[BlackTeamCountry "POL"]

1. e4 g6 2. d4 Bg7 3. Nc3 c6 4. f4 d5 5. e5 h5 6. Nf3 Nh6 7. Bd3 Bg4 8. h3 Bxf3 9. Qxf3 Nf5 10. Ne2 e6 11. g3 Bf8 12. c3 c5 13. dxc5 Bxc5 14. Bd2 Nc6 15. 0-0-0 Qb6 16. g4 Nh4 17. Qf1 Be3 18. Nd4 Nxd4 19. Bxe3 Nb3+ 20. axb3 Qxe3+ 21. Kc2 0-0-0 22. Re1 Qg3 23. Qg1 Qxg1 24. Rexg1 hxg4 25. hxg4 g5 26. Rf1 Ng2 27. fxg5 Ne3+ 28. Kd2 Nxf1+ 29. Rxf1 Rdg8 30. g6 fxg6 31. Rf6 Rh4 32. g5 Rg4 33. Bxg6 Rxg5 34. Bf7 Rg2+ 35. Kd3 R8g3+ 36. Kd4 Rxb2 37. Bxe6+ Kd8 38. Bxd5 Rd2+ 39. Ke4 Re2+ 40. Kf4 Rg7 41. Rf8+ Kc7 42. Bf3 Re1 43. c4 Re7 44. Rf5 a5 45. Rh5 Rf7+ 46. Rf5 Rxf5+ 47. Kxf5 Rf1 48. Ke4 Rb1 49. Kd5 Rxb3 50. Be4 Rb2 51. e6 a4 52. Bf5 Re2 0-1

[Event "POL-chT 66th"]
[Site "Katowice"]
[Date "2010.09.07"]
[Round "4"]
[White "Szoen, Dariusz"]
[Black "Stachowiak, Kamil"]
[Result "1/2-1/2"]
[WhiteElo "2448"]
[BlackElo "2398"]
[PlyCount "74"]
[EventDate "2010.09.04"]
[EventType "team-tourn"]
[EventRounds "9"]
[EventCountry "POL"]
[SourceTitle "EXT 2016"]
[Source "ChessBase"]
[SourceDate "2015.10.08"]
[SourceVersion "1"]
[SourceVersionDate "2015.10.08"]
[SourceQuality "1"]
[WhiteTeam "Lublin"]
[BlackTeam "Wroclaw AZS WSB"]
[WhiteTeamCountry "POL"]
[BlackTeamCountry "POL"]

1. e4 c5 2. Nf3 e6 3. d4 cxd4 4. Nxd4 Nc6 5. Nc3 Qc7 6. Be2 Nf6 7. 0-0 Be7 8. Kh1 0-0 9. f4 d6 10. Be3 Nxd4 11. Bxd4 e5 12. Be3 exf4 13. Bxf4 Be6 14. Qd3 a6 15. Qg3 Rad8 16. Rad1 Kh8 17. e5 Ne8 18. Nd5 Bxd5 19. Rxd5 Qc6 20. exd6 Bxd6 21. Qd3 Qc7 22. Rd1 Bxf4 23. Rxd8 Bxh2 24. Qd7 Qe5 25. Qd5 Qxe2 26. Kxh2 Kg8 27. Qc5 g6 28. R1d3 Qe4 29. Qd4 Qc6 30. Rc3 Qe6 31. Rc5 Qf6 32. Rcc8 Qe6 33. c4 Qe1 34. Qd7 Qe5+ 35. Kh3 Qe3+ 36. g3 Qf3 37. Rxe8 Qf1+ 1/2-1/2

[Event "POL-chT 65th"]
[Site "Lublin"]
[Date "2009.09.17"]
[Round "6.17"]
[White "Szoen, Dariusz"]
[Black "Rajlich, Iweta"]
[Result "1/2-1/2"]
[WhiteElo "2447"]
[BlackElo "2465"]
[PlyCount "95"]
[EventDate "2009.09.12"]
[EventType "team-tourn"]
[EventRounds "9"]
[EventCountry "POL"]
[SourceTitle "EXT 2019"]
[Source "ChessBase"]
[SourceDate "2018.10.10"]
[SourceVersion "1"]
[SourceVersionDate "2018.10.10"]
[SourceQuality "1"]
[WhiteTeam "Plock PTSz"]
[BlackTeam "Wroclaw Polonia"]
[WhiteTeamCountry "POL"]
[BlackTeamCountry "POL"]

1. e4 e6 2. d4 d5 3. Nd2 c5 4. exd5 exd5 5. Ngf3 Nf6 6. Bb5+ Bd7 7. Bxd7+ Nbxd7 8. 0-0 Be7 9. dxc5 Nxc5 10. Nb3 Nce4 11. Nfd4 0-0 12. Nf5 Re8 13. Nxe7+ Qxe7 14. f3 Nd6 15. Nd4 Qe5 16. Qd3 Nd7 17. b3 Nc5 18. Qd2 Ne6 19. Bb2 Nxd4 20. Bxd4 Qf5 21. Rad1 Rac8 22. Rf2 Nb5 23. Bb2 f6 24. g4 Qe6 25. Qxd5 Qxd5 26. Rxd5 Re1+ 27. Kg2 Nc3 28. Bxc3 Rxc3 29. Rd7 b5 30. Rxa7 Rc1 31. Rb7 R1xc2 32. Rxb5 Rxf2+ 33. Kxf2 Rc2+ 34. Ke3 Rxa2 35. h4 g6 36. Rb7 Rh2 37. g5 Rxh4 38. gxf6 g5 39. b4 Rf4 40. b5 Rxf6 41. b6 h5 42. Kd4 h4 43. Kc5 Rf5+ 44. Kb4 Rf4+ 45. Ka5 Rf5+ 46. Kb4 Rf4+ 47. Ka5 Rf5+ 48. Kb4 1/2-1/2

[Event "POL-chT 65th"]
[Site "Lublin"]
[Date "2009.09.16"]
[Round "5.17"]
[White "Schmidt, Wlodzimierz"]
[Black "Szoen, Dariusz"]
[Result "1/2-1/2"]
[WhiteElo "2386"]
[BlackElo "2447"]
[PlyCount "138"]
[EventDate "2009.09.12"]
[EventType "team-tourn"]
[EventRounds "9"]
[EventCountry "POL"]
[SourceTitle "EXT 2019"]
[Source "ChessBase"]
[SourceDate "2018.10.10"]
[SourceVersion "1"]
[SourceVersionDate "2018.10.10"]
[SourceQuality "1"]
[WhiteTeam "Poznan Pocztowiec"]
[BlackTeam "Plock PTSz"]
[WhiteTeamCountry "POL"]
[BlackTeamCountry "POL"]

1. d4 Nf6 2. c4 c5 3. d5 e6 4. Nc3 exd5 5. cxd5 d6 6. Nf3 g6 7. Nd2 Na6 8. e4 Nc7 9. a4 b6 10. Be2 Bg7 11. 0-0 0-0 12. Nc4 Ba6 13. Bg5 Bxc4 14. Bxc4 a6 15. Qe2 Re8 16. f3 h6 17. Bd2 Nd7 18. Rab1 Qf6 19. Kh1 Reb8 20. b4 Qd4 21. Nd1 b5 22. Ba2 c4 23. Bc3 Qa7 24. a5 Re8 25. Qd2 Re7 26. Bxg7 Kxg7 27. Nc3 f5 28. Rbe1 Rae8 29. Bb1 Nf6 30. g3 fxe4 31. fxe4 Re5 32. Re2 R8e7 33. Ref2 Nce8 34. Rf4 h5 35. h3 Qd7 36. Kg2 Nh7 37. Qf2 Ng5 38. g4 hxg4 39. Rxg4 Rf7 40. Qg3 Rxf1 41. Kxf1 Nf6 42. Rh4 Nh5 43. Qe3 Nf7 44. Rg4 Re8 45. Rg2 Ne5 46. Rf2 Qe7 47. Ne2 Qh4 48. Kg2 Re7 49. Nd4 Rf7 50. Ne6+ Kg8 51. Rxf7 Nxf7 52. Qf2 Qe7 53. Bc2 Ng7 54. Nd4 Qg5+ 55. Kh2 Nh5 56. Ne6 Qe5+ 57. Kg2 Ng7 58. Nd4 Qg5+ 59. Kh2 Qc1 60. Nc6 Qg5 61. Bd1 Ne5 62. h4 Ng4+ 63. Bxg4 Qxg4 64. e5 dxe5 65. Nxe5 Qe4 66. Nd7 Nh5 67. Qf8+ Kh7 68. Qf7+ Kh6 69. Qf8+ Kh7 1/2-1/2

[Event "POL-chT 64th"]
[Site "Karpacz"]
[Date "2008.09.09"]
[Round "4"]
[White "Gdanski, Jacek"]
[Black "Szoen, Dariusz"]
[Result "0-1"]
[WhiteElo "2523"]
[BlackElo "2477"]
[PlyCount "45"]
[EventDate "2008.09.06"]
[EventType "team-swiss"]
[EventRounds "9"]
[EventCountry "POL"]
[SourceTitle "EXT 2019"]
[Source "ChessBase"]
[SourceDate "2018.10.10"]
[SourceVersion "1"]
[SourceVersionDate "2018.10.10"]
[SourceQuality "1"]
[WhiteTeam "Katowice Hetman Szopienice"]
[BlackTeam "Jaworzno JKSz MCKiS"]
[WhiteTeamCountry "POL"]
[BlackTeamCountry "POL"]

1. e4 c5 2. Nf3 d6 3. d4 cxd4 4. Nxd4 Nf6 5. Nc3 Nc6 6. Bc4 e6 7. Be3 a6 8. Qe2 Qc7 9. 0-0-0 Be7 10. Bb3 0-0 11. Rhg1 Na5 12. g4 b5 13. g5 Nxb3+ 14. axb3 Nd7 15. Nf5 exf5 16. Nd5 Qd8 17. exf5 Re8 18. Qf3 Bf8 19. Nf6+ Nxf6 20. gxf6 Rxe3 21. fxe3 d5 22. fxg7 Be7 23. Qxd5 0-1

[Event "Polanica Zdroj op-A 44th"]
[Site "Polanica Zdroj"]
[Date "2008.08.24"]
[Round "6"]
[White "Brzeski, Maciej"]
[Black "Szoen, Dariusz"]
[Result "1/2-1/2"]
[WhiteElo "2208"]
[BlackElo "2477"]
[PlyCount "136"]
[EventDate "2008.08.19"]
[EventType "swiss"]
[EventRounds "10"]
[EventCountry "POL"]
[SourceTitle "CBM 126 Extra"]
[Source "ChessBase"]
[SourceDate "2008.11.05"]
[SourceVersion "1"]
[SourceVersionDate "2008.11.05"]
[SourceQuality "1"]

1. e4 c5 2. Nf3 d6 3. d4 cxd4 4. Nxd4 Nf6 5. Nc3 a6 6. Bg5 e6 7. f4 Qc7 8. Qf3 b5 9. Bxf6 gxf6 10. a3 Bb7 11. Qh5 Qc5 12. f5 Qxd4 13. fxe6 Kd8 14. Qxf7 Be7 15. Rd1 Qe5 16. Be2 Rf8 17. Qxh7 Qxe6 18. h3 Nd7 19. Bg4 Qg8 20. Qf5 Ne5 21. a4 Qc4 22. axb5 axb5 23. Be2 Qc5 24. Nxb5 Qb4+ 25. c3 Qxe4 26. Qf2 Ra6 27. Qc5 Ke8 28. Qd4 Qc6 29. Na7 Qxg2 30. Rf1 Nf3+ 31. Rxf3 Bxf3 32. Bxa6 Qg3+ 33. Kd2 Qg5+ 34. Kc2 Bxd1+ 35. Qxd1 Qf5+ 36. Kb3 Qc5 37. Bb5+ Kf7 38. Bc4+ Kg7 39. Qg4+ Kh6 40. Nc6 f5 41. Qe2 Qxc6 42. Qxe7 Rb8+ 43. Kc2 Qe4+ 44. Qxe4 fxe4 45. Kd2 Kg5 46. Ke3 Kf5 47. Bd5 Ke5 48. Bxe4 Rxb2 49. Bf3 Rh2 50. Bg4 d5 51. Kd3 Rg2 52. Bc8 Rg3+ 53. Kc2 Ke4 54. Bb7 Rg7 55. Ba6 Rc7 56. Kd2 Rg7 57. Bd3+ Ke5 58. Bc2 Rg2+ 59. Kd3 Rh2 60. Bb1 Rxh3+ 61. Kd2 Kd6 62. Bd3 Kc5 63. Be2 Rg3 64. Bd3 Kb6 65. Bc2 Kb5 66. Bd3+ Ka4 67. Ba6 Kb3 68. Bb7 Rxc3 1/2-1/2

[Event "Polanica Zdroj op-A 44th"]
[Site "Polanica Zdroj"]
[Date "2008.08.23"]
[Round "5"]
[White "Szoen, Dariusz"]
[Black "Banasik, Krzysztof"]
[Result "1-0"]
[WhiteElo "2477"]
[BlackElo "2215"]
[PlyCount "61"]
[EventDate "2008.08.19"]
[EventType "swiss"]
[EventRounds "10"]
[EventCountry "POL"]
[SourceTitle "CBM 126 Extra"]
[Source "ChessBase"]
[SourceDate "2008.11.05"]
[SourceVersion "1"]
[SourceVersionDate "2008.11.05"]
[SourceQuality "1"]

1. d4 g6 2. e4 Bg7 3. Nc3 d6 4. Nge2 e6 5. Be3 Ne7 6. Qd2 h6 7. g3 b6 8. Bg2 Bb7 9. 0-0 Nd7 10. f4 f5 11. d5 e5 12. fxe5 Nxe5 13. Nd4 Bc8 14. Ne6 Bxe6 15. dxe6 Nc4 16. Qe2 Nxe3 17. Qxe3 Rc8 18. exf5 0-0 19. fxg6 Nf5 20. Qe4 Qg5 21. e7 Nxe7 22. h4 Qe5 23. Qxe5 Bxe5 24. h5 Bxg3 25. Bh3 Rxf1+ 26. Rxf1 Rf8 27. Be6+ Kg7 28. Bf7 Be5 29. Nb5 d5 30. Re1 Kf6 31. Nxc7 1-0

[Event "Polanica Zdroj op-A 44th"]
[Site "Polanica Zdroj"]
[Date "2008.08.21"]
[Round "3"]
[White "Szoen, Dariusz"]
[Black "Markowski, Piotr"]
[Result "1-0"]
[WhiteElo "2477"]
[BlackElo "2119"]
[PlyCount "81"]
[EventDate "2008.08.19"]
[EventType "swiss"]
[EventRounds "10"]
[EventCountry "POL"]
[SourceTitle "CBM 126 Extra"]
[Source "ChessBase"]
[SourceDate "2008.11.05"]
[SourceVersion "1"]
[SourceVersionDate "2008.11.05"]
[SourceQuality "1"]

1. d4 Nf6 2. c4 e6 3. Nc3 Bb4 4. Qc2 0-0 5. a3 Bxc3+ 6. Qxc3 b6 7. Bg5 Bb7 8. e3 Re8 9. Nh3 h6 10. Bh4 d6 11. f3 e5 12. dxe5 Rxe5 13. Nf2 Nbd7 14. Be2 Qe8 15. e4 d5 16. cxd5 Nxd5 17. Qd2 Nc5 18. Bc4 Nxe4 19. fxe4 Rxe4+ 20. Nxe4 Qxe4+ 21. Qe2 Ne3 22. Bf2 Nxc4 23. Qxe4 Bxe4 24. Bd4 c5 25. Bc3 Ne3 26. Kf2 Ng4+ 27. Kg3 f5 28. Rhd1 Ne3 29. Rd7 g5 30. Kf2 f4 31. h4 g4 32. g3 Nf5 33. gxf4 g3+ 34. Kg1 Re8 35. Rad1 Kf8 36. Rxa7 Bc6 37. Rc7 Ba4 38. Rd5 Nxh4 39. Rh5 Nf3+ 40. Kg2 Bd1 41. Rf5+ 1-0